000 01938nam a2200529 i 4500
001 26529
003 KOSZ 005
005 20201215114218.0
008 201215s1974 pl a f 000 0 pol
015 _aUWD 1975/4410
035 _a991021400409705066
035 _a(PL-WaBN)b1578938x-48omnis_nlop
035 _ab1578938x
035 _a(OCoLC)830516968
035 _a(PL)b0000001578938
035 _a(EXLNZ-48OMNIS_NETWORK)9910033446805606
040 _aWA N
_cWA N
_dKOSZ 005/RW
046 _k1974
080 _a6213.037.37
080 _a621.3.049.77
100 1 _aŁakomy, Marian
_eAutor
245 1 0 _aCyfrowe układy scalone TTL /
_cMarian Łakomy, Jan Zabrodzki.
260 _aWarszawa :
_bPaństwowe Wydawnictwo Naukowe,
_c1974.
300 _a227, [1] stron :
_bilustracje, tablice, wykresy ;
_c21 cm.
336 _aTekst
_btxt
_2rdacontent
337 _aBez urządzenia pośredniczącego
_bn
_2rdamedia
338 _aWolumin
_bnc
_2rdacarrier
380 _aKsiążki
380 _aPublikacje fachowe
380 _aPublikacje dydaktyczne
385 _mPoziom nauczania
_aSzkoły wyższe
388 1 _a1901-2000
388 1 _a1945-1989
490 1 _aBiblioteka Informatyki
504 _aBibliografia na stronach [225]-227.
521 8 _aKsiążka przeznaczona jest zarówno dla inżynierów projektujących lub wykorzystujących urządzenia, w których stosowane są układy TTL, jak i dla studentów wydziałów elektroniki.
650 7 _aUkład cyfrowy
_2DBN
650 7 _aUkład scalony
_2DBN
655 7 _aOpracowanie
658 _aInżynieria i technika
700 1 _aZabrodzki, Jan
_eAutor
710 2 _aPaństwowe Wydawnictwo Naukowe
_4pbl
830 0 _aBiblioteka Informatyki
856 _uhttp://koha.tu.koszalin.pl/cgi-bin/koha/opac-detail.pl?biblionumber=26529
_yKatalog online BPK
942 _2UKD
_cKS
999 _c26529
_d26529